Cultura General #3 - Estadísticas

Estadísticas generales
  • Esta prueba ha sido intentada 7.404 veces
  • La puntuación promedio es 10 de 20
Estadísticas de respuestas
Pregunta Respuesta % Correcto
¿Qué forma tienen los pantalones de Bob Esponja? Cuadrados
87%
¿Qué es el homólogo del trópico de Capricornio? Trópico de {Cáncer}
84%
Típicamente el sushi está enrollado en el nori. ¿Qué es el nori? Alga marina
82%
¿De qué ciudad eran los Beatles? Liverpool
77%
¿Cuál es la especie de animal existente más grande? Ballena azul
73%
¿Qué ciudad se celebra el Oktoberfest original? Múnich
70%
¿Qué es la montaña más grande de África? Kilimanjaro
69%
¿Qué conquistador conquistó los aztecas? Hernán Cortés
60%
¿Cuál es la capital de Arabia Saudita? Riad
52%
¿Cuál es la película más famosa dirigida por Francis Ford Coppola? El Padrino
47%
¿De qué sociedad "secreta" eran 14 presidentes de los EEUU? Francmasonería
43%
En el Antiguo Testamento, ¿cuáles dos ciudades fueron destruidos con fuego y azufre por sus pecados? Sodoma
40%
En el Antiguo Testamento, ¿cuáles dos ciudades fueron destruidos con fuego y azufre por sus pecados? Gomorra
39%
¿Quién fue determinado como "infalible" en el Concilio Vaticano I en 1870? El papa
24%
¿Quién fue la segunda persona en pisar la luna? Buzz Aldrin
23%
¿Quién famosamente cruzó el Rubicón? Julio César
23%
¿Quiénes son los padres de Blue Ivy, Rumi, y Sir? Beyoncé y Jay-Z
22%
¿Qué ciudad se conoce aún por su nombre antiguo, Saigón? Ciudad Ho Chi Minh
20%
¿Qué es el nombre real de Eminem? Marshall Mathers
15%
¿Dónde está enterrada Isabel I de Inglaterra? Abadía de Westminster
11%
No se encontraron pruebas coincidentes
Distribución de puntuación
Porcentaje de gente con cada puntuación
Porcentaje por número respondido
Historial de tus puntuaciones
No has intentado esta prueba.